• 首页
  • 本馆介绍
  • 公告通知
  • 最新文献
  • 馆藏检索
  • 电子资源
  • 读者导购
  • 参考咨询
  • 我的图书馆
  • 登录
  • 详细信息显示
  • 放入我的书架
  • 预约/预借图书
  • 作者相关作品
  • 分类相关作品
  • 丛书相关作品
  • 出版社相关作品

书目信息

  • 表格格式
  • 工作单格式
  • 卡片格式
题名:
扫频仪的原理与维修
    
 
作者: 王晓元 编著
分册:  
出版信息: 北京   人民邮电出版社  1985
页数: 388页
开本: 19cm
丛书名:
单 册:
中图分类: TM935.23 , TN753.7
科图分类:
主题词: 频率特性分析仪 , 振荡技术 , 振荡器
电子资源:
ISBN:
000 00763nam0 2200289 45
001 0185020703
005 20040909094027.9
010    @dCNY2.20
091    @a15045.总2381-有506
100    @a19900923d1985 em y0chiy0121 ea
101 0  @achi
102    @aCN@b110000
105    @af z 000yy
106    @ar
200 10 @a扫频仪的原理与维修@Asao pin yi de yuan li yu wei xiu@f王晓元编著
205    @a2版@b修订本
210    @a北京@c人民邮电出版社@d1985
215    @a388页@c图@d19cm
606    @a频率特性分析仪
606 0  @a振荡技术
606 0  @a振荡器
690    @aTM935.23@v3
690    @aTN753.7@v3
701  0 @a王晓元@Awang xiao yuan@4编著
801  0 @aCN@b深圳图书馆@c20040518
801  2 @aCN@bNLC@c20040518
905    @dTN753.7@e2-2@f1@b141258
    
    扫频仪的原理与维修/王晓元编著.-2版,修订本.-北京:人民邮电出版社,1985
    388页:图;19cm
    
    
    ISBN :CNY2.20
    
●
相关链接 在E读中查询图书 在五车中查询图书 在当当中查询图书 在豆瓣中查询图书


正题名:扫频仪的原理与维修     索取号:TN753.7/2-2         预约/预借

序号 登录号 条形码 馆藏地/架位号 状态 备注
1 0141258   001950892   第三借阅区/ [索取号:TN753.7/2-2] 在馆    
2 0141260   000700619   第三借阅区/ [索取号:TN753.7/2-2] 在馆    
3 0141261   001355410   第三借阅区/ [索取号:TN753.7/2-2] 在馆    
4 0141262   000700593   第三借阅区/ [索取号:TN753.7/2-2] 在馆    
唐山师范学院图书馆 欢迎您!
大连网信软件有限公司© 版权所有